| 000 | 01838cam a22004934 4500 | ||
|---|---|---|---|
| 003 | PE-LiUPU | ||
| 005 | 20250731173412.0 | ||
| 008 | 2004 miua | ||
| 020 | _a0825411742 | ||
| 035 | _a(Sirsi) i9780825411748 | ||
| 035 | _a(Sirsi) 46522 | ||
| 035 | _a(Sirsi) 46522 | ||
| 040 |
_aPE-LiUPU _bspa _cPE-LiUPU _erda |
||
| 049 | _aPRUA | ||
| 082 | 0 | 4 |
_a296.4 _bD95 |
| 100 | 1 |
_aDowley, Tim, _eautor. |
|
| 245 | 1 | 0 |
_aGuía portavoz del tabernáculo / _cTim Dowley. |
| 264 | 1 |
_aGrand Rapids, Michigan : _bEditorial Portavoz, _c2004 |
|
| 300 |
_a32 páginas : _bilustraciones ; _c27centímetros |
||
| 336 |
_atext _2rdacontent |
||
| 337 |
_aunmediated _2rdamedia |
||
| 338 |
_avolume _2rdacarrier |
||
| 505 | 0 | _aEl tabernáculo: la tienda de Dios -- Tres tabernáculos- La historia del tabernáculo: los anos del desierto -- La historia del tabernáculo: entrada en la tierra prometida -- La estructura del tabernáculo -- Los utensilios del tabernáculo. | |
| 526 | _aSEG42 | ||
| 526 | _aSEG41 | ||
| 526 | _aSEG40 | ||
| 526 | _aSEG39 | ||
| 526 | _aP94 | ||
| 526 | _aP87 | ||
| 526 | _aP86 | ||
| 526 | _aP85 | ||
| 526 | _aP77 | ||
| 526 | _aP76 | ||
| 526 | _aP35 | ||
| 650 | 1 | 4 |
_aTabernáculo _xTipología |
| 700 | 1 |
_aBernal Lumpuy, Luis _etraductor. |
|
| 942 |
_2ddc _cBOOK |
||
| 949 |
_a296.4 D95 _i64087 _lCCODEBUL1 _mBUL _tLIBRO _o.STAFF. Colección General |
||
| 859 |
_q64087 _h296.4 _iD95 |
||
| 910 |
_agl _b _cjck _d20111128 |
||
| 596 | _a1 | ||
| 999 |
_a296.4 D95 _wDEWEY _c52927 _i64087 _d52927 _e2018-1-17 _f2021-11-11 _g5 _lCCODEBUL1 _mBUL _n3 _p12.00 _r0 _sY _tBOOK _u2015-7-6 _xTEOLOGIA _PP35 _0COMPRA _o.STAFF. Colección Teología |
||
| 980 |
_81 _gALBERTO SANCHEZ Responsable de Automatización |
||